000 00565nam a2200217Ia 4500
003 OSt
005 20220928151952.0
006 a|||||r|||| 00| 0
007 ta
008 220927b |||||||| |||| 00| 0 eng d
024 _a135394
037 _cTextual
040 _aSDCL
_cSDCL
_beng
041 _2eng
_aeng
082 _aO-,1K080mL95, M2
100 _aWilliams Meg Harris
_9518677
245 0 _aInspiration in Milton and Keats
260 _c1982
942 _hO-,1K080mL95, M2
_cTEXL
_2CC
999 _c853641
_d853641